| 000 | 00509nam a2200193 a 4500 | ||
|---|---|---|---|
| 001 | 1973 | ||
| 003 | CDMR | ||
| 005 | 20131129104141.0 | ||
| 008 | 130130s1969||||||||||||||||||||||||||||d | ||
| 040 |
_aCDMR _bcat _cCDMR |
||
| 100 | 1 |
_aFrye, Northrop _91476 |
|
| 245 | 1 | 3 |
_aLa culture face aux media _b: essai _cNorthrop Frye |
| 246 | _aThe modern century | ||
| 260 |
_aParis _c1969 _bMame |
||
| 300 | _a115 p. | ||
| 490 | 0 | _aMedium | |
| 650 | 0 | 4 |
_92795 _aMitjans de comunicació de massa i cultura |
| 942 |
_cMON _2udc |
||
| 999 |
_c1973 _d1973 |
||